La filosofía en Alberdi /
Guardado en:
| Autor Principal: | |
|---|---|
| Formato: | Libro |
| Idioma: | Spanish |
| Publicado: |
Córdoba :
Academia Nacional de Derecho y Ciencias Sociales de Córdoba,
2000
|
| Edición: | 2a. ed. aum. |
| Materias: | |
| Etiquetas: |
Agregar Etiqueta
Sin Etiquetas, Sea el primero en etiquetar este registro!
|
| LEADER | 00475nam a22001455a 4500 | ||
|---|---|---|---|
| 001 | DER.der000441 | ||
| 008 | 180615s2000####ag#||||||||||||||#||spa|| | ||
| 005 | 20241107115038.0 | ||
| 245 | 1 | 0 | |a La filosofía en Alberdi / |c Olsen A. Ghirardi |
| 250 | |a 2a. ed. aum. | ||
| 260 | |a Córdoba : |b Academia Nacional de Derecho y Ciencias Sociales de Córdoba, |c 2000 | ||
| 300 | |a 248 p. | ||
| 100 | 1 | |a Ghirardi, Olsen A. | |
| 650 | 7 | |a FILOSOFIA DEL DERECHO | |
| 859 | |a DERECHO |b BIB. DERECHO |h 340.1 |i GHI |p 000397 | ||
